Historia general del arte mexicano / (Record no. 132129)

MARC details
000 -LEADER
campo de control de longitud fija 00677nam a2200181 4500
001 - NÚMERO DE CONTROL
campo de control 132129
003 - IDENTIFICADOR DE NÚMERO DE CONTROL
campo de control ES-MaACL
007 - CAMPO FIJO DE DESCRIPCIÓN FÍSICA--INFORMACIÓN GENERAL
campo de control de longitud fija t|
008 - DATOS DE LONGITUD FIJA--INFORMACIÓN GENERAL
campo de control de longitud fija 070214s1968 mx r ||||1| spa d
245 00 - MENCIÓN DEL TÍTULO
Título Historia general del arte mexicano /
Mención de responsabilidad, etc. director de la obra Pedro Rojas.
260 ## - PUBLICACIÓN, DISTRIBUCIÓN, ETC.
Lugar de publicación, distribución, etc. México :
Nombre del editor, distribuidor, etc. Hermes,
Fecha de publicación, distribución, etc. 1968.
300 ## - DESCRIPCIÓN FÍSICA
Extensión 6 v. ;
Dimensiones 17 cm.
505 8# - NOTA DE CONTENIDO CON FORMATO
Nota de contenido con formato Contiene: Tomo I-II. Epoca prehispánica por Raúl F. Guerrero. Tomo II-IV. Epoca colonial por Pedro Rojas. Tomo V-VI. Epoca moderna y contemporánea por Raquel Tibol.
700 1# - ENTRADA AGREGADA--NOMBRE PERSONAL
Nombre de persona Rojas, Pedro.
9 (RLIN) 99054
700 1# - ENTRADA AGREGADA--NOMBRE PERSONAL
Nombre de persona Guerrero, Raúl F.
9 (RLIN) 60564
700 1# - ENTRADA AGREGADA--NOMBRE PERSONAL
Nombre de persona Tibol, Raquel.
9 (RLIN) 110209
852 ## - LOCALIZACIÓN
Ubicación ES-MaACL
Número de control de estantería E-5509-14
Sublocalización o colección R.89485
Holdings
Estatus retirado Estado de pérdida Estado de daño No para préstamo Biblioteca de origen Biblioteca actual Ubicación en estantería Fecha de adquisición Fuente de adquisición Total de préstamos Signatura topográfica completa Código de barras Visto por última vez Precio de reemplazo Tipo de ítem Koha
        Biblioteca del Ateneo de Madrid Biblioteca del Ateneo de Madrid Depósito 2 17/01/2008     E-5509-14 1137561 23/02/2023 23/02/2023 Libro impreso